| 000 | 01384cam a2200229 4500 | ||
|---|---|---|---|
| 001 | ABS64176 | ||
| 008 | 000000n2001 000 0 eng u | ||
| 035 | _a(Sirsi) u113273 | ||
| 100 | _aShaw, M. | ||
| 245 | _aProviding the links - the UK Spatial Planning Framework | ||
| 260 | _c2001 | ||
| 490 |
_aPlanning (for the Natural and Built Environment) _v8 June 2001, 19(1) |
||
| 520 | _aThe first in a series of articles that looks at the national spatial planning frameworks in the UK. Among the reasons why the Royal Town Planning Institute (RTPI) initiated a review of the linking up - the spatial dimension - of national planning are the effects of devolution, and the developing interest of the EU in spatial frameworks. Discusses the challenges posed by devolution and regionalism to national planning frameworks. Moves on to describe the study carried out by the RTPI's NSPF Steering Group. This began by commissioning six studies of: households and housing, land-use and transport, economy and employment, environment and energy, social exclusion and statutory planning systems. Describes the key recommendations to emerge from the study's findings. | ||
| 590 | _aABS | ||
| 650 | _aNATIONAL PLANNING POLICY | ||
| 650 | _aRTPI | ||
| 650 | _aDEVOLUTION | ||
| 650 | _aSTUDY | ||
| 650 | _aPLANNING POLICY | ||
| 690 |
_aPlanning and development _96259 |
||
| 942 | _n0 | ||
| 999 |
_c67474 _d67474 |
||